01419 2200229 4500001002100000005001500021035002000036008004100056020002200097041000800119082000800127084001400135100002200149245008100171250001100252260005000263300004000313520073400353650003201087650004401119990002601163INLIS00000000000977920221013093844 a0010-0520009779221013 | | eng  a978-1-107-15851-1 aeng a172 a172 PER a0 aPerry, Michael J.1 aA Global Political Morality : Human Rights, Democracy, and Constitutionalism aCet. 1 aNew York :bCambridge University Press,c2017 a197 :bvii, 197 p. ; 24 cm ;c24 cm aIn A Global Political Morality, Michael J. Perry addresses several related questions in human rights theory, political theory and constitutional theory. He begins by explaining what the term human right means and then elaborates and defends the morality of human rights, which is the first truly global morality in human history. Perry also pursues the implications of the morality of human rights for democratic governance and for the proper role of courts - especially the US Supreme Court - in protecting constitutionally entrenched human rights. The principal constitutional controversies discussed in the book are capital punishment, race-based affirmative action, same-sex marriage, physician-assisted suicide and abortion. 4aCivil rights--United States 4aHuman rights--Moral and ethical aspects a26513/MKRI-P/XII-2018